Quản lí hoạt động dạy học môn vật lí ở các trường THPT trên địa bàn TP Kon Tum theo định hướng phát triển năng lực của học sinh
Trên cơ sở nghiên cứu lý luận và thực trạng quản lí hoạt động dạy học môn vật lí, nhận diện ra được điểm mạnh, điểm yếu của vấn đề, từ đó đề xuất các biện pháp quản lí hoạt động dạy học môn Vật lí theo định hướng phát triển năng lực cho HS nhằm nâng cao chất lượng GD toàn diện ở các trường THPT trên...
Đã lưu trong:
| Príomhúdar: | |
|---|---|
| Údair Eile: | |
| Formáid: | Leabhar |
| Teanga: | Vietnamese |
| Foilsithe: |
Đà Nẵng
Đại học Đà Nẵng
2016
|
| Ábhair: | |
| Clibeanna: |
Cuir Clib Leis
Gan Chlibeanna, Bí ar an gcéad duine leis an taifead seo a chlibeáil!
|
| Thư viện lưu trữ: | Mạng thư viện Đại học Đà Nẵng |
|---|
| LEADER | 02233nam a2200373 4500 | ||
|---|---|---|---|
| 001 | 000024618 | ||
| 003 | 21106 | ||
| 005 | 20161226161224.0 | ||
| 008 | 161215s2016 viesd | ||
| 041 | |a vie | ||
| 082 | 1 | 4 | |a 373.1396 |b BU-M |
| 100 | 1 | |a Bùi Văn Minh | |
| 245 | 1 | 0 | |a Quản lí hoạt động dạy học môn vật lí ở các trường THPT trên địa bàn TP Kon Tum theo định hướng phát triển năng lực của học sinh |c Bùi Văn Minh ; Nguyễn Bảo Hoàng Thanh hướng dẫn |k Luận văn tốt nghiệp |
| 246 | |a Quản lý hoạt động dạy học môn vật lý ở các trường trung học phổ thông trên địa bàn thành phố Kon Tum theo định hướng phát triển năng lực của học sinh | ||
| 260 | |a Đà Nẵng |b Đại học Đà Nẵng |c 2016 | ||
| 300 | |a 115 tr. ; phụ lục 32 tr. |c 29 cm. |e Tóm tắt | ||
| 500 | |a Luận văn Thạc sĩ. Chuyên ngành : Giáo dục học. Mã số: 60 14 01 14 | ||
| 520 | 3 | |a Trên cơ sở nghiên cứu lý luận và thực trạng quản lí hoạt động dạy học môn vật lí, nhận diện ra được điểm mạnh, điểm yếu của vấn đề, từ đó đề xuất các biện pháp quản lí hoạt động dạy học môn Vật lí theo định hướng phát triển năng lực cho HS nhằm nâng cao chất lượng GD toàn diện ở các trường THPT trên địa bàn TP Kon Tum. | |
| 650 | 0 | 4 | |a Giáo dục trung học |v Luận văn thạc sĩ |x Phương pháp giảng dạy |z Kom Tum |
| 653 | |a Quản lý giáo dục | ||
| 653 | |a Vật lý | ||
| 653 | |a Quản lý giáo dục Trung học | ||
| 653 | |a Phát triển năng lực | ||
| 700 | 1 | |a Nguyễn Bảo Hoàng Thanh |c PGS.TS |e Hướng dẫn | |
| OWN | |a LSP | ||
| AVA | |a UDN50 |b LSP |d 373.1396 BU-M |e available |t Error 5001 Not defined in file expand_doc_bib_avail. |f 1 |g 0 |h N |i 0 |k 1 | ||
| 999 | |a From the UDN01 | ||
| AVA | |a UDN50 |b LSP |d 373.1396 BU-M |e available |t Error 5001 Not defined in file expand_doc_bib_avail. |f 1 |g 0 |h N |i 0 |k 1 | ||
| TYP | |a Monograph | ||
| TYP | |a Printed language | ||
| 980 | |a Mạng thư viện Đại học Đà Nẵng | ||